000 00370nam a2200169Ia 4500
100 _aThompson/F.G
650 _aElectrical Engineering
490 _vIII
942 _cBK
654 _aElectrical Instalastion
245 _aElectrical Instalastion
260 _bLongman
_aLondon
_c1983
082 _a621.3
_bTho
300 _a404
546 _aENGLISH
999 _c25138
_d25138